| 000 | 00000nam##2200000za#4500 |
| 001 | 9.590051 |
| 003 | CaOODSP |
| 005 | 20210624195936 |
| 007 | cr ||||||||||| |
| 008 | 150406|1983||||xxc|||||o f|0| 0 eng|d |
| 022 | |a1488-5379 |
| 040 | |aCaOODSP|beng |
| 041 | |aeng |
| 041 | |afre |
| 043 | |an-cn--- |
| 086 | 1 |aFs97-6/1163-PDF |
| 110 | 1 |aCanada. |bDepartment of Fisheries and Oceans. |
| 245 | 10|aProceedings of the Ninth Annual Aquatic Toxicity Workshop, November 1-5, 1982, Edmonton, Alberta / |h[electronic resource]|cEditor, W.C. Mckay. |
| 260 | |aOttawa - Ontario : |bFisheries and Oceans Canada |c1983. |
| 300 | |a258p.|bfigs., references, tables |
| 490 | 1 |aCanadian technical report of fisheries and aquatic sciences|x1488-5379|vNo. 1163 |
| 500 | |aThe catalogue number and ISSN for the print edition appear in the PDF version. |
| 590 | |a14-10-Supp|b2014-05-08 |
| 720 | 1 |aMckay, W. C. |
| 792 | |tCompte-rendu des communications du neuvième atelier annuel sur la toxicité aquatique du 1 au 5 novembre 1982 Edmonton (Alberta) / |efre|w(CaOODSP)9.590052 |
| 830 | #0|aCanadian technical report of fisheries and aquatic sciences,|x1488-5379|vNo. 1163|w(CaOODSP)9.500269 |
| 856 | 40|ahttp://publications.gc.ca|qPDF|s11.45 MB|uhttps://publications.gc.ca/collections/collection_2014/mpo-dfo/Fs97-6-1163.pdf|yNo. 1163 |